| 000 | 00725nam a2200241 a 4500 | ||
|---|---|---|---|
| 003 | MX-MxUPN | ||
| 005 | 20241001063937.0 | ||
| 008 | 991125s1903 fr gr 000 0 fre d | ||
| 035 | _aUPN01000033850 | ||
| 040 |
_aMX-MxUPN _bspa _cMX-MxUPN |
||
| 041 | _afre | ||
| 050 | 4 |
_aPQ2603 O6 _bL3 |
|
| 100 | 1 |
_aBordeaux, Henry, _d1870-1963 _953050 |
|
| 245 | 1 | 3 |
_aLe lac noir : _broman |
| 260 |
_aParís : _bAlbert Fontemoing, éditeur, _c1903. |
||
| 300 | _a310 páginas | ||
| 490 | 0 | _aCollection Minerva | |
| 650 | 0 |
_aLiteratura francesa _95152 |
|
| 710 | 2 |
_aInstituto Nacional de Investigación Educativa (México) _epropietario anterior _928086 |
|
| 902 | _bMaríaRobles/150824 | ||
| 905 | _aLibro | ||
| 942 |
_2lcc _cLIBRO _n0 |
||
| 999 |
_c33850 _d33850 |
||